[Event "Tres Cantos op 2nd"]
[Site "Tres Cantos"]
[Date "2010.06.26"]
[Round "8"]
[White "Pareja Alvarez, Diego"]
[Black "Garcia Martin, Juan Miguel"]
[Result "1/2-1/2"]
[WhiteElo "1935"]
[BlackElo "2022"]
[PlyCount "46"]
[EventDate "2010.06.19"]
[EventType "swiss"]
[EventRounds "9"]
[EventCountry "ESP"]
[SourceTitle "CBM 137 Extra"]
[Source "ChessBase"]
[SourceDate "2010.09.01"]
[SourceVersion "1"]
[SourceVersionDate "2010.09.01"]
[SourceQuality "1"]

1. e4 d5 2. exd5 Nf6 3. Nf3 Nxd5 4. d4 e6 5. a3 Bd6 6. c4 Nf6 7. Bd3 c5 8. Nc3 cxd4 9. Nxd4 a6 10. Be3 Be5 11. Nde2 Nc6 12. h3 Nd4 13. Nxd4 Bxd4 14. Qd2 Bxe3 15. Qxe3 0-0 16. 0-0-0 Qc7 17. g4 Bd7 18. Kb1 Bc6 19. Rhg1 e5 20. h4 Rfe8 21. f3 Qe7 22. Be4 Nxe4 23. Nxe4 Bxe4+ 1/2-1/2

[Event "Tres Cantos op 2nd"]
[Site "Tres Cantos"]
[Date "2010.06.23"]
[Round "5"]
[White "Pareja Alvarez, Diego"]
[Black "Esquivias Gomez, Francisco Javier"]
[Result "0-1"]
[WhiteElo "1935"]
[BlackElo "2005"]
[PlyCount "74"]
[EventDate "2010.06.19"]
[EventType "swiss"]
[EventRounds "9"]
[EventCountry "ESP"]
[SourceTitle "CBM 137 Extra"]
[Source "ChessBase"]
[SourceDate "2010.09.01"]
[SourceVersion "1"]
[SourceVersionDate "2010.09.01"]
[SourceQuality "1"]

1. e4 Nf6 2. Nc3 d5 3. e5 d4 4. Nce2 Ng4 5. f4 h5 6. Nf3 c5 7. Ng3 h4 8. Ne4 e6 9. Bc4 Be7 10. Qe2 Nh6 11. g3 a6 12. a4 Nc6 13. c3 Na5 14. Bd3 Nb3 15. Rb1 Bd7 16. g4 g6 17. g5 Nf5 18. Nf6+ Bxf6 19. exf6 Nd6 20. Ne5 Qc7 21. Bc2 Bxa4 22. Nxg6 fxg6 23. Qxe6+ Kf8 24. Bxg6 Nxc1 25. Rxc1 Be8 26. Bc2 Bf7 27. Qg4 Re8+ 28. Kf1 Bh5 29. Qh3 Ne4 30. Bxe4 Rxe4 31. Kg1 Rxf4 32. Rf1 Rg4+ 33. Kf2 Qf4+ 34. Ke1 Qe4+ 35. Kf2 Rf4+ 36. Kg1 Rg4+ 37. Kf2 Qf5+ 0-1

[Event "Tres Cantos op 2nd"]
[Site "Tres Cantos"]
[Date "2010.06.21"]
[Round "3"]
[White "Pareja Alvarez, Diego"]
[Black "Aguado Solana, Juan"]
[Result "0-1"]
[WhiteElo "1935"]
[BlackElo "2038"]
[PlyCount "106"]
[EventDate "2010.06.19"]
[EventType "swiss"]
[EventRounds "9"]
[EventCountry "ESP"]
[SourceTitle "CBM 137 Extra"]
[Source "ChessBase"]
[SourceDate "2010.09.01"]
[SourceVersion "1"]
[SourceVersionDate "2010.09.01"]
[SourceQuality "1"]

1. e4 c5 2. Nf3 Nc6 3. d4 cxd4 4. Nxd4 e5 5. Nb5 a6 6. Nd6+ Bxd6 7. Qxd6 Qf6 8. Qd1 Qg6 9. Nc3 d5 10. Nxd5 Qxe4+ 11. Be3 Nd4 12. Nc7+ Ke7 13. Rc1 Bg4 14. Qd3 Qxd3 15. Bxd3 Rd8 16. h3 Bh5 17. f4 Kd6 18. Nxa6 bxa6 19. g4 Bg6 20. f5 Bxf5 21. gxf5 Ne7 22. 0-0 Nd5 23. Rce1 Nb4 24. Bxd4 exd4 25. f6 g6 26. Re7 Nxd3 27. cxd3 Rd7 28. Rfe1 Rhd8 29. Kf2 Rxe7 30. Rxe7 Rd7 31. Re4 Kd5 32. Re7 Kd6 33. Re4 Kc6 34. Kf3 Rd6 35. Kg4 h6 36. Rf4 Kd5 37. Kf3 Ke5 38. Re4+ Kxf6 39. Rf4+ Ke6 40. Re4+ Kd5 41. Re7 f5 42. Rh7 g5 43. Rf7 Ke5 44. Re7+ Re6 45. Rc7 h5 46. Rc5+ Kf6 47. Kf2 Re3 48. Rc6+ Ke5 49. h4 g4 50. Rxa6 g3+ 51. Kg2 Kf4 52. b4 Re2+ 53. Kf1 Kf3 0-1

[Event "San Sebastian Constitucion op 11th"]
[Site "San Sebastian"]
[Date "2009.12.07"]
[Round "8"]
[White "Pareja Alvarez, Diego"]
[Black "Barez Menendez, Hector"]
[Result "0-1"]
[WhiteElo "1918"]
[BlackElo "2144"]
[PlyCount "82"]
[EventDate "2009.11.30"]
[EventType "swiss"]
[EventRounds "9"]
[EventCountry "ESP"]
[SourceTitle "CBM 133 Extra"]
[Source "ChessBase"]
[SourceDate "2010.01.05"]
[SourceVersion "1"]
[SourceVersionDate "2010.01.05"]
[SourceQuality "1"]

1. e4 e5 2. Nf3 Nf6 3. d4 exd4 4. e5 Ne4 5. Qxd4 d5 6. exd6 Nxd6 7. Bg5 f6 8. Bf4 Nc6 9. Qe3+ Qe7 10. Qxe7+ Bxe7 11. Nc3 Be6 12. 0-0-0 0-0-0 13. Bb5 Nxb5 14. Nxb5 Rxd1+ 15. Rxd1 Bd8 16. Nfd4 Nxd4 17. Nxd4 Bd7 18. Re1 c5 19. Nb3 b6 20. Nd2 Bc7 21. Bxc7 Kxc7 22. Nc4 Re8 23. Ne3 Kc6 24. Kd2 b5 25. c3 a5 26. a3 Re4 27. g3 Re8 28. Rc1 Be6 29. c4 Rd8+ 30. Kc3 bxc4 31. Nxc4 Bxc4 32. Kxc4 Rd2 33. f4 Rxb2 34. h4 Re2 35. Rc3 Re4+ 36. Kd3 Rd4+ 37. Kc2 Kd5 38. Re3 Re4 39. Rd3+ Ke6 40. Kc3 h5 41. Kd2 Rd4 0-1

[Event "Tres Cantos op 1st"]
[Site "Tres Cantos"]
[Date "2009.06.10"]
[Round "5"]
[White "Iagar, Razvan Gabriel"]
[Black "Pareja Alvarez, Diego"]
[Result "1/2-1/2"]
[WhiteElo "2141"]
[BlackElo "1870"]
[PlyCount "57"]
[EventDate "2009.06.06"]
[EventType "swiss"]
[EventRounds "9"]
[EventCountry "ESP"]
[SourceTitle "EXT 2010"]
[Source "ChessBase"]
[SourceDate "2010.11.25"]
[SourceVersion "1"]
[SourceVersionDate "2010.11.25"]
[SourceQuality "1"]

1. d4 Nf6 2. c4 g6 3. Nf3 Bg7 4. g3 0-0 5. Bg2 d6 6. 0-0 Nbd7 7. Nc3 e5 8. e4 exd4 9. Nxd4 c6 10. h3 Re8 11. Re1 a5 12. Rb1 Qe7 13. Be3 Nc5 14. a3 Be6 15. b4 axb4 16. axb4 Ncd7 17. b5 c5 18. Nxe6 fxe6 19. Bf4 e5 20. Be3 Nb6 21. Qb3 Qf7 22. Bf1 Red8 23. Red1 Ne8 24. Nd5 Nxd5 25. cxd5 b6 26. Ra1 Nc7 27. Qc4 Kh8 28. Qe2 Qe8 29. Qc4 1/2-1/2

[Event "San Sebastian Constitucion op 10th"]
[Site "San Sebastian"]
[Date "2008.12.06"]
[Round "7"]
[White "Pareja Alvarez, Diego"]
[Black "Esquivias Gomez, Francisco Javier"]
[Result "0-1"]
[WhiteElo "1866"]
[BlackElo "2048"]
[PlyCount "106"]
[EventDate "2008.11.30"]
[EventType "swiss"]
[EventRounds "9"]
[EventCountry "ESP"]
[SourceTitle "CBM 127 Extra"]
[Source "ChessBase"]
[SourceDate "2009.01.08"]
[SourceVersion "2"]
[SourceVersionDate "2009.01.28"]
[SourceQuality "1"]

1. f4 d5 2. Nf3 Nf6 3. g3 g6 4. Bg2 Bg7 5. 0-0 0-0 6. d3 c5 7. Qe1 d4 8. e4 dxe3 9. Qxe3 Ng4 10. Qe2 Nc6 11. h3 Nd4 12. Nxd4 Bxd4+ 13. Kh1 Nh6 14. c3 Bg7 15. Be3 Nf5 16. Kh2 h5 17. Bxc5 h4 18. gxh4 Bf6 19. Be4 Bxh4 20. Bf2 Bf6 21. Nd2 Kg7 22. Kg2 Rh8 23. Rh1 Qc7 24. Qf3 Rh4 25. Bg3 Nxg3 26. Qxg3 Rxf4 27. Raf1 Be5 28. Rxf4 Bxf4 29. Qf2 f5 30. Bd5 e6 31. Bf3 e5 32. Nb3 Be6 33. Nc5 Bf7 34. Bxb7 Rd8 35. Rf1 Bg5 36. Re1 e4 37. dxe4 Rd2 38. Re2 Rxe2 39. Qxe2 Qxc5 40. exf5 Bd5+ 41. Bxd5 Qxd5+ 42. Kg3 Qxf5 43. Qc4 Qe5+ 44. Kg4 Bf6 45. Qc6 Qe2+ 46. Qf3 Qxb2 47. a4 Bxc3 48. Qd3 Qb4+ 49. Kf3 Qd4 50. Qb5 Qd1+ 51. Kg2 Qc2+ 52. Kh1 Qe4+ 53. Kg1 Bd4+ 0-1